01010 a2200205 4500003000500000005001700005020001500022040000900037082001600046100003300062245009000095260003300185300001000218505036100228650003400589651002300623942001400646999001900660952012500679Nust20230530123936.0 a8177223461 cNust a005.133,MAU aMausil Singh, Suneet9112871 aGAME Programming in C/C ++ (Include CD) :bA bieginner's Guide /cSuneet Mausil Singh aNew DelhibDream Techc2003: a384:p aGet Programming (Page-9), Graphics in C/ C++ (Page-17), Scanning Inputs Devices (Page-25), GUI Wizard (Page-31), Animation (Page-59), TetriX (Page-81), Glutton (Page-105), Tank (Page-169), Mine Detector (Page-243), Tryster (Page-269), Chess the Drosophila of AI (Page-309),Try to Make Them (Page-347), Review & Types (Page-367), What’s Ahead (Page-377). aProgramming in C/C ++9112872 a(Include CD)98953 2ddccBKB  c179471d179471 00102ddc4070aMCSbMCScGENd2016-12-12o005.133,MAUpMCS30291r2016-12-08w2016-12-12yBKzAlmirah No.80, Shelf No.4